00517nam a2200133Ia 4500008004100000245015400041260004900195260000900244300001000253500001300263650001600276999001900292952007200311170224s9999 xx 000 0 und d a“Does reading a single passage of literary fiction really improve theory of mind? An attempt at replication”: Correction to Panero et al. (2016). bJournal of Personality and Social Psychology c2016 a111:5 aNovember xPsychology. c316329d316329 001040aCLbCLd2017-02-24l0r2017-02-24 00:00:00w2017-02-24ySE